00247nam a2200097Ia 4500008004100000100002500041245002700066260003000093260000900123999001700132170620s9999 xx 000 0 und d aRawat- M. S. (Hindi) 0aGanit Shikshan (Hindi) bAgra- Vinod Pustak Mandir c2000 c23641d23641